Návrh opatrení v oblasti uplatňovania udržateľnej logistiky v podniku ENVIRAL, a.s.

Gespeichert in:
Bibliographische Detailangaben
1. Verfasser: Páleník, Jakub (Verfasst von)
Weitere Verfasser: Fidlerová, Helena (Betreuung Doktorarbeit)
Format: Manuskript Buch
Sprache:Slowakisch
Englisch
Veröffentlicht: 2016
Schlagworte:
Online-Zugang:http://is.stuba.sk/zp/portal_zp.pl?podrobnosti=106153
Tags: Tag hinzufügen
Keine Tags, Fügen Sie das erste Tag hinzu!

MARC

LEADER 00000ntm a22000003a 4500
001 stuzp56012
003 SK-STU
005 20160719154859.6
007 ta
008 150427s2015----xo-----f-mn---000-0-slo-d
040 |a STU  |b slo 
041 0 |a eng 
100 1 |a Páleník, Jakub  |u 064000  |4 aut  |U MTF Materiálovotechnologická fakulta  |T MTF Ústav priemyselného inžinierstva a manažmentu  |X 71863  |U M4000  |Y 84  |7 71863 
242 0 1 |a Návrh opatrení v oblasti uplatňovania udržateľnej logistiky v podniku ENVIRAL, a.s.  |y slo 
245 1 0 |a Návrh opatrení v oblasti uplatňovania udržateľnej logistiky v podniku ENVIRAL, a.s. 
260 |c 2016 
650 4 |a udržateľná logistika  |2 slo 
650 4 |a výrobná logistika  |2 slo 
650 4 |a logistika  |2 slo 
650 4 |a logistics  |2 eng 
650 4 |a sustainable logistics  |2 eng 
650 4 |a production logistics  |2 eng 
700 1 |a Fidlerová, Helena  |u 064000  |k Z2  |4 ths  |U MTF Materiálovotechnologická fakulta  |T MTF Ústav priemyselného inžinierstva a manažmentu  |X 3662  |U M4000  |Y 84  |7 A000003662 
856 4 |u http://is.stuba.sk/zp/portal_zp.pl?podrobnosti=106153 
996 |c M* BP-7874  |l MMSKP  |s P  |a 0  |w stuzp56012_0001 
SQL |a stuzp56012  |b DBP  |c ENG  |d Návrh opatrení v oblasti uplatňovania udržateľnej logistiky v podniku ENVIRAL, a.s.  |e 71863  |f Páleník, Jakub  |g 064000  |h 3662  |i Fidlerová, Helena  |j 20160620  |k 175  |l 06  |m http://is.stuba.sk/zp/portal_zp.pl?podrobnosti=106153  |n B-PMA  |o 5.2.52. priemyselné inžinierstvo